00474 2200193 4500001002100000005001500021035002000036007000300056008004100059020002200100082000800122084001400130100001400144245004800158260002600206300001700232650001200249856001900261INLIS00000000000816220260127090527 a0010-0126000159ta260127 0 ind  a978-979-044-564-2 a615 a615 BEN p0 aBENBASYAR1 aPENUNTUN PRATIKUM FARMAKOGNOSI /cBENBASYAR aJAKARTA :bEGC,c2022 a189 ;c25 cm 4aFARMASI aALUMNI FARMASI